Регионална библиотека "Любен Каравелов" - Русе

Тайните на фотографията (Запис номер 29779)

MARC детайли
000 -Лидер
Контролно поле с фиксирана дължина 01765nam a2200385 c 4500
003 - Код на организацията, давaща контролен номер
Контролно поле BLK
005 - Дата и час на последна редакция
Контролно поле 20211012155956.0
008 - Елементи от данни с фиксирана дължина
fixed length control field 180407b bul|||||r ||||||| ||bul||
010 ## - Наследен системен номер
LC control number KNG00032404000
020 ## - Международен стандартен номер на книга ISBN
Международен стандартен номер на книга ISBN 978-954-92592-2-0
-- издат.: Интермайндс
040 ## - Източник на каталожния запис
Идентификатор на билиотеката - собственик на записа BLK
041 ## - Код за език
Код за езика на текст/звукозапис или на отделно заглавие Български
Код за езика КДБФ Български
072 #7 - Код за тематичната категория
Код организация bullib
Код за тематична категория Н70
Текст Изкуства Н
080 ## - УДК
Текстов определител УДК Фотографска техника и процеси. Вж и 771
УДК код - определител по УДК 77.02
УДК определител (035)
УДК - код + определител 77.02(035)
080 ## - УДК
Текстов определител УДК Художествена фотография
УДК код - определител по УДК 77.04
УДК определител (035)
УДК - код + определител 77.04(035)
139 ## - Редно поле
Редна дума Тайните на фотографията
Авторски знак Таи - Т 19
245 10 - Сведения за заглавието
Заглавие Тайните на фотографията
Подзаглавни данни Как се правят уникални сн. : Пейзажи, спорт, пътувания, сватби, портрети, архитектура
Редно поле (дума) ред. Биляна Димитрова Лаундс; прев. Нели Караиванова.
257 ## - Страна на издаване
Страна на създаване/издаване Съединени американски щати
260 ## - Област на издателските данни
-- София
Име на издателя, разпространителя и проч. Интермайндс
Година на издаване 2010
Печатница София : Дедракс
300 ## - Физическа характеристика
Страници 225 с.
Илюстрации и др. с ил.
Размери/Мащаб 29 см
Съпровождащи материали CD
380 ## - Жанр
Жанр Изкуство
500 ## - Общи забележки
Забележка Ориг. загл. Secrets of photography - Прил. със същото загл. и сигн. CD 2812.
650 #4 - Допълнително описание по предмет – тема
Основно описание – тема или топоним Фотография - наръчници и ръководства
9 (RLIN) 258492
653 ## - Ключова дума – ненормативна
Ключова дума фотография
653 ## - Ключова дума – ненормативна
Ключова дума наръчници
653 ## - Ключова дума – ненормативна
Ключова дума ръководства
659 ## - Тематичен бюлетин
Тематичен бюлетин Н
700 1# - Други автори (авторска отговорност)
Лично име Лаундс, Биляна Димитрова
Автороска отговорност (Описва отношението между автора и произведението) ред.
9 (RLIN) 270464
700 1# - Други автори (авторска отговорност)
Лично име Караиванова, Нели
Автороска отговорност (Описва отношението между автора и произведението) прев.
9 (RLIN) 270465
852 ## - Местоположение
Форматна сигнатура Цб ІІ 16684
856 4# - Електронен адрес и достъп
Електронен формат pdf - файл
Път до файла /url/
856 4# - Електронен адрес и достъп
Електронен формат pdf - файл
Път до файла /url/
942 ## - АРТИКУЛИ
Вид на библиотечния материал Книги
Скрит в OPAC Не
Koha issues (borrowed), all copies 2
944 ## - СЪЗДАВАНЕ И РЕДАКЦИЯ на ЗАПИСА
Създаване/Редакция Създаване
Дата на регистрацията/редакция 15.04.2011
Статус, дата на статуса ф /
Служител, извършил регистрацията/редакцията Наталия_Медовщикова
944 ## - СЪЗДАВАНЕ И РЕДАКЦИЯ на ЗАПИСА
Създаване/Редакция Редакция
Дата на регистрацията/редакция 29.04.2014
Статус, дата на статуса ф /
Служител, извършил регистрацията/редакцията
999 ## - СИСТЕМНИ КОНТРОЛНИ НОМЕРА
Koha biblionumber 29779
Koha biblioitemnumber 29779
Наличности
Код за отписване Код за изгубен артикул Източник на класификационната схема Код за повреда Коз за рестрикции Код за отдаване Артикулен № Име на библиотеката - собственик Име на библиотеката, в която се намира в момента Статус (Текущо местоположение) Дата на вписване в системата Местоположение - отдел Цена в лева Инвентарен номер Систематично азбучна сигнатура Баркод Номер на екземпляра Цена в евро Служебна бележка Служебен тип на артикула
  Не е изгубен Universal Decimal Classification Не е повреден без рестрикции заемане за дома 47804 Регионална библиотека "Любен Каравелов" Русе Регионална библиотека "Любен Каравелов" Русе Отдел Изкуство - подръчен фонд 2011-04-15 Отдел Изкуство - подръчен фонд 16.00 120000750535 77/Т 19 120000750535 1 8.18 Дост: DA Вид: А N: 6 Дата: 15.04.2011 Дата инв: 08.06.2012 Бележки инв: * Книги
  Не е изгубен Universal Decimal Classification Не е повреден само за читалня ползва се в читалня 47805 Регионална библиотека "Любен Каравелов" Русе Регионална библиотека "Любен Каравелов" Русе Хранилище 2013-10-18 Хранилище 30.00 120000770624 Цб ІІ 16684 120000770624 2 15.34 Дост: Dp Вид: Д N: 35 Дата: 27.08.2012 Книги
Vip Innovations Ltd, Rousse, Bulgaria 2025